00266nam a2200073Ia 4500008004100000082000800041100002500049245011800074240331s9999 xx 000 0 und d bSRI aSri Lanka foundation 0aSeminar on law enforcement agencies andtheir role in the implementation of the international bill of human rights